Missing Word: James Taylor Quiz Stats

 Plays Quiz Updated Feb 15, 2019

Score 0/20 Timer 02:00
1 Play Today
Song Title Missing Word % Correct
How _____ It Is (To Be Loved By You)Sweet
84.5%
You've Got a ____Friend
83.9%
____ and RainFire
81.4%
Carolina in My ____Mind
78.5%
Long ____ and Far AwayAgo
76.9%
Handy ____Man
75%
_____ In The Way She MovesSomething
73.9%
Don't Let Me Be ____ TonightLonely
72%
Sweet Baby ____ James
69.6%
Up on the ____Roof
68.5%
Song Title Missing Word % Correct
Country ____Road
50.5%
Little More _____ with YouTime
49.6%
Your _____ FaceSmiling
41.3%
Never Die _____Young
40.1%
____ the PeopleShower
39.4%
Steamroller ____Blues
31.5%
Baby Boom ____Baby
31.1%
Her _____ TooTown
24.6%
____ Don't Leave L.A.Honey
12%
One Man ____Parade
4.4%

Today's Daily Dose

You're not logged in!

Compare scores with friends on all Sporcle quizzes.
OR
Log In

Sporcle TV

Today on Sporcle TV


Watch our educational content, quiz creation guides, and fun videos on Sporcle TV.

Show Comments

Extras

Top Quizzes Today


Score Distribution

Your Account Isn't Verified!

In order to create a playlist on Sporcle, you need to verify the email address you used during registration. Go to your Sporcle Settings to finish the process.

Report this User

Report this user for behavior that violates our Community Guidelines.

Details: